Eurovision Song Contest 2008 - Semi-Final 1 Results - Statistics

General Stats
  • This quiz has been taken 3 times
  • The average score is 18 of 19
Answer Stats
Answer % Correct
Andorra 960px-Flag_of_Andorra.svg.png
100%
Armenia 960px-Flag_of_Armenia.svg.png
100%
Azerbaijan 960px-Flag_of_Azerbaijan.svg.png
100%
Bosnia & Herzegovina 960px-Flag_of_Bosnia_and_Herzegovina.svg.png
100%
Estonia 960px-Flag_of_Estonia.svg.png
100%
Finland 960px-Flag_of_Finland.svg.png
100%
Greece 960px-Flag_of_Greece.svg.png
100%
Ireland 960px-Flag_of_Ireland.svg.png
100%
Israel 960px-Flag_of_Israel.svg.png
100%
Montenegro 960px-Flag_of_Montenegro.svg.png
100%
Norway 960px-Flag_of_Norway.svg.png
100%
Poland 960px-Flag_of_Poland.svg.png?20231119024730
100%
Romania 960px-Flag_of_Romania.svg.png
100%
Russia 960px-Flag_of_Russia.svg.png?20120812153731
100%
San Marino 960px-Flag_of_San_Marino_%28pre%E2%80%932011%29.svg.png
100%
Slovenia 960px-Flag_of_Slovenia.svg.png
100%
Belgium 960px-Flag_of_Belgium.svg.png
50%
Moldova 960px-Flag_of_Moldova_%281990%E2%80%932010%29.svg.png
50%
Netherlands 960px-Flag_of_the_Netherlands.svg.png
50%
No matching quizzes found
Score Distribution
Percent of People with Each Score
Percentile by Number Answered
Your Score History
You have not taken this quiz